000 00672nam a22002297a 4500
005 20260421173209.0
008 260421b |||||||| |||| 00| 0 eng d
020 _a9789819554089
_qhb
082 _a551.6353
_bCHA
100 _aChandrasekar, V. [ed.]
245 _aRadar meteorology and its applications
260 _aSingapore
_bSpringer Nature
_c2026
300 _axiv, 247p. ; 24cm.
440 _aSpringer atmospheric sciences
653 _aRadar meteorology
653 _aDoppler radar
653 _aPolariscope
653 _aRadio waves--Polarization--Measurement
700 _aDas, Saurabh ; [ed.]
700 _aDatta, Abhirup [ed.]
942 _2ddc
_cBK
999 _c53144
_d53144